| 000 | 01048nam2a22002531 4500 | ||
|---|---|---|---|
| 001 | RU\NLR\Per\486792 | ||
| 005 | 20250617142304.0 | ||
| 035 | _a(NLR Aleph) 002663202 | ||
| 090 |
_a3977420 _c3977420 |
||
| 100 | _a20070319d2004 |||y0rusy50 ca | ||
| 101 | 0 | _arus | |
| 102 | _aRU | ||
| 105 | _ay ||||000|y | ||
| 200 | 1 |
_aШейндли Золотая ручка _fС. Борисов |
|
| 210 |
_d2004 _aБ. м. |
||
| 461 | 0 |
_1001RU\NLR\INFOCOMM55\1000013878 _12001#$aИскатель$eФантастика. Приключения$eПрил. к журн. ЦК ВЛКСМ "Вокруг света"$v2004, № 11 (311) _93051412 _cМ. _d1961- _nМолодая гвардия _oФантастика. Приключения : Прил. к журн. ЦК ВЛКСМ "Вокруг света" _tИскатель _x0130-6634 _v2004, № 11 (311) |
|
| 700 | 1 |
_aБорисов _bС. _4070 |
|
| 801 | 0 |
_aRU _bNLR _c20070319 _gpsbo |
|
| 801 | 1 |
_aRU _bNLR _c20070319 _2rusmarc |
|
| 852 |
_aNLR _jП19/154 |
||
| 942 | _cISSUE | ||
| 980 | _aNB | ||
| 980 | _aRUSPER | ||